Cinco dias en Paris / (Registro nro. 2801)

Detalles MARC
000 -LEADER
fixed length control field 01386nam a2200217 a 4500
005 - FECHA ULTIMA MODIFICACION
control field 20241023121310.0
008 - CAMPO DE CONTROL (LIBRO)
fixed length control field 100630t1999||||sp |||g p 1p0dspa d
020 ## - INTERNATIONAL STANDARD BOOK NUMBER
ISBN 8401462452
041 ## - CODIGO DE IDIOMA
Código de idioma del texto/pista de sonido o título separado spa
092 ## - SIGNATURA TOPOGRAFICA DEWEY LOCAL
número de clasificación 808
libristica 81
sección STE
100 1# - ENTRADA PRINCIPAL--NOMBRE PERSONAL
Nombre personal Steel, Danielle
9 (RLIN) 3936
245 ## - TITULO PROPIAMENTE DICHO
Título Cinco dias en Paris /
Mención de responsabilidad y remanente de la transcripción de la portada Danielle Steel
250 ## - MENCION DE EDICION
Mención de edición 4a ed.
Mención de responsabilidad relacionada con la ed. Traducción Gemma Moral Bartolome
260 ## - PIE DE IMPRENTA
Lugar de publicación, distribución, etc Barcelona:
Nombre de la editorial, distribuidor, etc Plaza & Janes;
Fecha de publicación 1999.
300 ## - DESCRIPCION FISICA
Extension 251 p.
500 ## - NOTA GENERAL
Nota general Steel, D. (1995). Cinco días en París. (4a ed.). Barcelona : Plaza & Janes.
505 ## - NOTA DE CONTENIDO
Nota de contenido formateada Arrastrados por las circunstancias, un hombre y su mujer ven cómo, a pesar de sus éxitos materiales, su respectivas vidas se encaminan hacia el desengaño y el fracaso. De orígenes humildes, Peter Haskell ha alcanzado un alto cargo en una empresa farmacéutica. No obstante, su matrimonio con Kate se desliza por la ciénaga del tedio y la incomprensión. Olivia es la esposa de un inescrupuloso senador que aspira a ocupar la Casa Blanca, y es la mujer perfecta para encarnar el papel de primera dama. Pero no está dispuesta a convertirse en una marioneta de su ambicioso marido. Peter y Olivia coinciden fortuitamente en París. Y este encuentro inesperado propiciará una arrebatadora historia de amor.
590 ## - NOTAS LOCALES (RLIN)
Nota local Proyecto 4to Libro. Donación Victoria Lara, Mayo 2018.
655 ## - MATERIA - GENERO/FORMA
Género/Forma Literatura
-- 2917
942 ## - ADDED ENTRY ELEMENTS (KOHA)
Source of classification or shelving scheme Library of Congress Classification
Item type LITERATURA
Existencias
Estado de retiro Existencia Fuente de clasificación Estado general No para prestamo Ubicación permanente ubicación actual Sala de ubicación Fecha de adquisición Fuente de adquisición Total Checkouts Número de clasificación Código de barras Date last seen Date last borrowed Número de ejemplar Price effective from Koha tipo de elemento (item) Public note
    Dewey Decimal Classification     Biblioteca Medicina Biblioteca Medicina Circulación 28/05/2018 Donación Victoria Lara, mayo 2018 2 808 81 DAN 4286 22/05/2023 08/05/2023 Ej. 1 28/05/2018 LITERATURA Proyecto 4to libro. Donación Victoria Lara, mayo 2018

UNIVERSIDAD NACIONAL DEL COMAHUE
Biblioteca de la Facultad de Ciencias Médicas
Sede Toschi: Los Arrayanes y Av. Toschi, Cipolletti  - Rio Negro
Sede Los Tordos:  Yrigoyen al 2211, Cipolletti - Rio Negro 

Teléfono: 0299 - 4774707 int 25
Contacto: biblioteca@facimed.uncoma.edu.ar
© 2011 - 2026